Meilleurs buteurs sudaméricains dans les 5 Grands championnats - Statistiques

Statistiques générales
  • Ce quiz a été pris 217 fois
  • Le résultat moyen est 10 sur 25
Statistiques - réponses
% Correct
Lionel Messi
100%
Luis Suárez
88%
Neymar
85%
Edinson Cavani
84%
Ronaldo
73%
Sergio Agüero
66%
Alexis Sánchez
56%
Gonzalo Higuaín
54%
Radamel Falcao
50%
Diego Forlán
47%
Gabriel Batistuta
41%
Carlos Tévez
35%
Paulo Dybala
34%
Hernán Crespo
31%
Claudio Pizarro
25%
Mauro Icardi
23%
Duván Zapata
21%
Delio Onnis
20%
Roberto Firmino
15%
Sonny Anderson
15%
Mario Kempes
13%
Carlos Bianchi
7%
Giovane Élber
6%
Luís Vinício
1%
Alberto Muro
0%
Aucun quiz correspondant
Distribution des résultats
% des personnes avec chaque résultat
Percentile par nombre de réponses
Votre historique - résultats
Vous n’avez pas pris ce quiz